| 000 | 00000nas 2200000zi 4500 |
| 001 | 9.881330 |
| 003 | CaOODSP |
| 005 | 20221107170023 |
| 006 | m o d f |
| 007 | cr ||||||||||| |
| 008 | 191029c20169999onc x m o f0###|0fre|d |
| 022 | |a1916-3274 |
| 040 | |aCaOODSP|bfre|erda|cCaOODSP |
| 043 | |an-cn--- |
| 086 | 1 |aFo12-45F-PDF |
| 130 | 0 |aClassification nationale de la végétation du Canada. |
| 245 | 10|aClassification nationale de la végétation du Canada (CNVC) = |bCanadian national vegetation classification (CNVC). |
| 264 | 1|a[Sault Ste. Marie, Ont.] : |bClassification nationale de la végétation du Canada, |c2016- |
| 310 | |aIrrégulier |
| 336 | |atexte|btxt|2rdacontent/fre |
| 337 | |ainformatique|bc|2rdamedia/fre |
| 338 | |aressource en ligne|bcr|2rdacarrier/fre |
| 362 | 1 |aParaît depuis CNVC00201 (2016). |
| 500 | |aPublié aussi en anglais sous le titre : Canadian national vegetation classification (CNVC). |
| 550 | |aCo-publié par le Service canadien des forêts. |
| 692 | 07|2gccst|aClassification |
| 692 | 07|2gccst|aPlante |
| 710 | 1 |aCanada.|bRessources naturelles Canada. |bService canadien des forêts. |
| 710 | 2 |aClassification nationale de la végétation du Canada. |
| 775 | 08|tCanadian national vegetation classification (CNVC) = |w(CaOODSP)9.881323 |